| 000 | 01489nam a2200241Ia 4500 | ||
|---|---|---|---|
| 003 | Ost | ||
| 005 | 20260507074859.0 | ||
| 008 | 260507s9999||||xx |||||||||||||| ||und|| | ||
| 040 | _cfsecg | ||
| 041 | _aara | ||
| 082 | _a658.403 | ||
| 100 |
_aالخضيري، محسن احمد _eمؤلف |
||
| 245 | 0 |
_aديمقراطية الإدارة / _c محسن احمد الخضيري |
|
| 260 |
_aالاسكندرية: _bالدار الجامعية, _c2007 |
||
| 300 |
_a162 صفحة؛ _bإيضاحات ؛ _c24 سم |
||
| 504 | _aببليوغرافيا: ص.151 | ||
| 520 | _aيضم نظرية اتخاذ القرار، فلسفة ديمقراطية الادارة، مفهوم ديمقرطة الادارة، أهمية ديمقرطة الادارة، لماذا ديمقرطة الادارة، كيف تصبح الادارة ديمقراطية، وسائل وأدوات ديمقرطة الادارة، متى تصبح الادارة ديمقراطية، التحضير للديمقرطة الادارية، ديمقرطة التخطيط، ديمقرطة التنظيم، ديمقرطة التوجيه، ديمقرطة المتابعة، ديمقرطة القيادة وصنع المستقبل الواعد، ديمقرطة الادارة من اجل مواجهة تحديات القرن الحادي والعشرون | ||
| 653 | _aاتخاذ القرارات | ||
| 653 | _aالادارة | ||
| 653 | _aالتخطيط | ||
| 653 | _aالتنظيم× التوجيه | ||
| 942 | _cكتاب | ||
| 999 |
_c41634 _d41634 |
||